| 000 | 00528 a2200181 4500 | ||
|---|---|---|---|
| 003 | OSt | ||
| 005 | 20240205153709.0 | ||
| 008 | 240205b |||||||| |||| 00| 0 eng d | ||
| 020 | _a9789395281546 | ||
| 040 | _coclc | ||
| 082 |
_a894.8128 _bNOO/I |
||
| 100 |
_aNoorjahan, Shabnam _910388 |
||
| 245 |
_aIslam pranayam samarppanam / _cShabnam Noorjahan |
||
| 250 | _a1st ed. | ||
| 260 |
_aKozhikode: _bOlive Publications, _c2023. |
||
| 300 | _a280p. | ||
| 942 |
_2ddc _cBK _h894.8128 _iNOO/I _k894.8128 _mNOO/I |
||
| 999 |
_c44301 _d44301 |
||